000 00794nam a2200241 i 4500
001 17122
003 ES-MaACL
005 20230906151517.0
007 t|
008 001221s2000 sp ||||1| spa d
020 _a84-7846-933-8
080 _a262.136.12(460)(091)
100 1 _aCerrillo Cruz, Gonzalo.
_937566
245 1 4 _aLos familiares de la Inquisición española /
_cGonzalo Cerrillo Cruz.
260 _a[Valladolid] :
_bConsejería de Educación y Cultura,
_c2000.
300 _a273 p. ;
_c25 cm.
490 1 _aEstudios de historia
650 4 _aInquisición-
_zEspaña-
_vHistoria.
_913799
710 1 _aCastilla y León.
_bConsejería de Educación y Cultura.
_92500
830 0 _aEstudios de historia
_9179197
852 _aES-MaACL
_jL-23920
_bR.129001
999 _c17122
_d17122